| 000 | nam a22 a 4500 | ||
|---|---|---|---|
| 999 |
_c337 _d337 |
||
| 005 | 20170503115745.0 | ||
| 008 | 170503b1986 -us||||| |||| 00| 0 eng d | ||
| 020 |
_a067520559X (pbk) : _c £14.95 |
||
| 040 | _aAKMAL | ||
| 082 | 0 | 4 | _a004 SPE |
| 090 |
_a004 _bSPE |
||
| 100 | 0 | 1 |
_aSpencer, Donald D. _d1931- _9765 |
| 245 | 1 | 0 |
_a Computer : _ban introduction / _cDonald D. Spencer. |
| 260 |
_aColumbus ; _a London : _bMerrill, _cc1986. |
||
| 300 |
_axxii,348p. : _b ill(some col.), 1col.port. ; _c26cm. |
||
| 490 | 0 | 0 | _a The Merrill series in computer information systems |
| 500 | 0 | 0 | _aIncludes index. |
| 599 | _aDALAM PROSES | ||
| 650 | 0 |
_a Electronic digital computers. _9766 |
|
| 852 | 4 | 1 |
_aBritish Library _bHMNTS |
| 942 |
_2ddc _cBOOK |
||